000 00437nam a2200157Ia 4500
008 240729s9999 xx 000 0 und d
022 _a2228-5504
245 0 _aIranian Journal of Nursing and Midwifery Research
260 _aIndia
260 _bWolters Kluwer Medknow Publications
650 _a Nursing
650 _aMedicine
856 _uhttps://doaj.org/toc/1a4b3d0f830246be999075330a218ae5
942 _2ddc
942 _cDOAJEJ
999 _c70259
_d70259
945 _a1
_bMadushi Gamage
_c1
_dMadushi Gamage